All-Star Roster NBA 2025 - Statistics

General Stats
  • This quiz has been taken 220 times
  • The average score is 19 of 26
Answer Stats
Answer % Correct
Nikola Jokic
97%
LeBron James
96%
Steph Curry
94%
Giannis Antetokounmpo
93%
Jayson Tatum
93%
Jaylen Brown
89%
Shai Gilgeous-Alexander
89%
Jalen Brunson
88%
Kevin Durant
88%
Donovan Mitchell
86%
Victor Wembanyama
84%
Anthony Edwards
83%
Karl-Anthony Towns
81%
Anthony Davis
80%
Damian Lillard
75%
Darius Garland
72%
Evan Mobley
72%
James Harden
72%
Jalen Williams
66%
Alperen Sengun
62%
Cade Cunningham
62%
Pascal Siakam
62%
Tyler Herro
58%
Jaren Jackson Jr
54%
Mark Daigneault
29%
Kenny Atkinson
23%
No matching quizzes found
Score Distribution
Percent of People with Each Score
Percentile by Number Answered
Your Score History
You have not taken this quiz